[Event "ODJM C 2025"]
[Site "Willingen GER"]
[Date "2025.06.08"]
[Round "1"]
[White "Nyncke, Kilian"]
[Black "Du, Vivian"]
[Result "0-1"]
[Termination "normal"]
[Board "29"]
[WhiteElo "768"]
[BlackElo "1189"]
[WhiteClock "01:29:30"]
[BlackClock "01:32:05"]
[PlyCount "36"]
[WhiteFideId "533018057"]
[BlackFideId "533025924"]
[EventCountry "GER"]
[EventRounds "9"]
[EventType "swiss"]
[EventDate "2025.06.07"]

1. e4 {[%clk 01:30:59]} e5 {[%clk 01:30:53]} {[%emt 00:00:07]} 2. Nf3 {[%clk
01:31:23]} {[%emt 00:00:06]} Nc6 {[%clk 01:31:16]} {[%emt 00:00:06]} 3. Bc4
{[%clk 01:31:40]} {[%emt 00:00:14]} Bc5 {[%clk 01:31:36]} {[%emt 00:00:10]} 4.
Ng5 {[%clk 01:31:51]} {[%emt 00:00:20]} Qxg5 {[%clk 01:31:55]} {[%emt
00:00:10]} 5. d3 {[%clk 01:32:03]} {[%emt 00:00:18]} Qxg2 {[%clk 01:32:08]}
{[%emt 00:00:18]} 6. Rf1 {[%clk 01:31:52]} {[%emt 00:00:41]} Nd4 {[%clk
01:32:09]} {[%emt 00:00:29]} 7. c3 {[%clk 01:30:37]} {[%emt 00:01:46]} Nf3+
{[%clk 01:32:18]} {[%emt 00:00:19]} 8. Ke2 {[%clk 01:30:10]} {[%emt 00:00:58]}
d6 {[%clk 01:31:46]} {[%emt 00:01:02]} 9. Be3 {[%clk 01:30:09]} {[%emt
00:00:32]} Bg4 {[%clk 01:31:38]} {[%emt 00:00:37]} 10. Qc2 {[%clk 01:30:20]}
{[%emt 00:00:20]} Nd4+ {[%clk 01:31:49]} {[%emt 00:00:18]} 11. Kd2 {[%clk
01:29:29]} {[%emt 00:01:20]} Nxc2 {[%clk 01:32:11]} {[%emt 00:00:09]} 12. Kxc2
{[%clk 01:29:41]} {[%emt 00:00:17]} Bxe3 {[%clk 01:32:03]} {[%emt 00:00:39]}
13. Na3 {[%clk 01:29:55]} {[%emt 00:00:17]} Bxf2 {[%clk 01:31:56]} {[%emt
00:00:37]} 14. Rg1 {[%clk 01:29:43]} {[%emt 00:00:41]} Bxg1+ {[%clk 01:32:12]}
{[%emt 00:00:14]} 15. Kc1 {[%clk 01:29:48]} {[%emt 00:00:25]} Be3+ {[%clk
01:32:17]} {[%emt 00:00:26]} 16. Kb1 {[%clk 01:30:06]} {[%emt 00:00:11]} Qd2
{[%clk 01:31:57]} {[%emt 00:00:50]} 17. Bxf7+ {[%clk 01:29:32]} {[%emt
00:01:03]} Kxf7 {[%clk 01:32:15]} {[%emt 00:00:13]} 18. h3 {[%clk 01:29:30]}
{[%emt 00:00:31]} Qc1# {[%clk 01:32:05]} {[%emt 00:00:10]} 0-1

[Event "ODJM C 2025"]
[Site "Willingen GER"]
[Date "2025.06.08"]
[Round "1"]
[White "Hirtzel, Amelie Meiyan"]
[Black "Er, Cemile"]
[Result "1-0"]
[Termination "normal"]
[Board "30"]
[WhiteElo "1172"]
[BlackElo "760"]
[WhiteClock "01:12:30"]
[BlackClock "01:20:13"]
[PlyCount "47"]
[WhiteFideId "533001898"]
[BlackFideId "533001871"]
[EventCountry "GER"]
[EventRounds "9"]
[EventType "swiss"]
[EventDate "2025.06.07"]

1. d4 {[%clk 01:30:58]} {[%emt 00:00:01]} d5 {[%clk 01:30:54]} {[%emt
00:00:07]} 2. c4 {[%clk 01:31:24]} {[%emt 00:00:04]} Nf6 {[%clk 01:31:37]}
{[%emt 00:00:18]} 3. Nc3 {[%clk 01:32:15]} {[%emt 00:00:07]} Bf5 {[%clk
01:31:42]} {[%emt 00:00:25]} 4. Nf3 {[%clk 01:32:28]} {[%emt 00:00:17]} e6
{[%clk 01:32:00]} {[%emt 00:00:12]} 5. cxd5 {[%clk 01:32:44]} {[%emt 00:00:14]}
exd5 {[%clk 01:32:20]} {[%emt 00:00:10]} 6. Bf4 {[%clk 01:32:57]} {[%emt
00:00:16]} Nbd7 {[%clk 01:32:00]} {[%emt 00:00:50]} 7. e3 {[%clk 01:33:09]}
{[%emt 00:00:18]} h6 {[%clk 01:31:34]} {[%emt 00:00:56]} 8. Bd3 {[%clk
01:32:40]} {[%emt 00:00:59]} Bg4 {[%clk 01:29:23]} {[%emt 00:02:41]} 9. Be2
{[%clk 01:31:43]} {[%emt 00:01:27]} g5 {[%clk 01:28:42]} {[%emt 00:01:11]} 10.
Be5 {[%clk 01:31:28]} {[%emt 00:00:44]} Qe7 {[%clk 01:28:31]} {[%emt 00:00:41]}
11. Bxc7 {[%clk 01:29:57]} {[%emt 00:02:00]} Rc8 {[%clk 01:26:48]} {[%emt
00:02:15]} 12. Bg3 {[%clk 01:28:15]} {[%emt 00:02:11]} Nh5 {[%clk 01:25:45]}
{[%emt 00:01:33]} 13. Be5 {[%clk 01:25:55]} {[%emt 00:02:50]} f6 {[%clk
01:25:11]} {[%emt 00:01:05]} 14. Bg3 {[%clk 01:22:02]} {[%emt 00:04:22]} Nxg3
{[%clk 01:25:05]} {[%emt 00:00:36]} 15. hxg3 {[%clk 01:21:54]} {[%emt
00:00:37]} h5 {[%clk 01:25:01]} {[%emt 00:00:35]} 16. Qd3 {[%clk 01:19:20]}
{[%emt 00:03:04]} Bg7 {[%clk 01:23:51]} {[%emt 00:01:40]} 17. Qg6+ {[%clk
01:18:36]} {[%emt 00:01:10]} Kd8 {[%clk 01:23:42]} {[%emt 00:00:43]} 18. Nxd5
{[%clk 01:15:52]} {[%emt 00:03:14]} Qe6 {[%clk 01:23:24]} {[%emt 00:00:48]} 19.
Nc3 {[%clk 01:13:00]} {[%emt 00:03:19]} Rh6 {[%clk 01:23:38]} {[%emt 00:00:20]}
20. Qxg7 {[%clk 01:12:48]} {[%emt 00:00:41]} Nf8 {[%clk 01:20:14]} {[%emt
00:03:52]} 21. Qxf8+ {[%clk 01:13:02]} {[%emt 00:00:17]} Kd7 {[%clk 01:20:09]}
{[%emt 00:00:37]} 22. Qxh6 {[%clk 01:12:41]} {[%emt 00:00:50]} Rg8 {[%clk
01:20:06]} {[%emt 00:00:32]} 23. Qh7+ {[%clk 01:12:46]} {[%emt 00:00:24]} Ke8
{[%clk 01:20:13]} {[%emt 00:00:25]} 24. Qe4 {[%clk 01:12:30]} {[%emt 00:00:41]}
Ke7 {[%clk 01:20:20]} {[%emt 00:00:31]} 25. Qxe6+ {[%clk 01:12:42]} {[%emt
00:08:26]} Bxe6 {[%clk 01:20:33]} 26. d5 {[%clk 01:12:37]} Bd7 {[%clk
01:20:44]} 27. Rxh5 {[%clk 01:12:26]} Rc8 {[%clk 01:20:44]} 28. Rd1 {[%clk
01:11:43]} g4 {[%clk 01:20:55]} 29. Nd4 {[%clk 01:11:42]} {[%emt 00:00:03]} Rc5
{[%clk 01:20:33]} {[%emt 00:00:07]} 30. Nf5+ {[%clk 01:11:25]} {[%emt
00:00:07]} Ke8 {[%clk 01:20:35]} {[%emt 00:00:04]} 31. Ne4 {[%clk 01:10:58]}
{[%emt 00:00:08]} Ra5 {[%clk 01:20:52]} {[%emt 00:00:02]} 32. Nxf6+ {[%clk
01:11:08]} {[%emt 00:00:03]} Kf7 {[%clk 01:21:08]} {[%emt 00:00:01]} 33. Nxd7
{[%clk 01:11:08]} {[%emt 00:00:02]} Rxa2 {[%clk 01:21:23]} {[%emt 00:00:12]}
34. d6 {[%clk 01:10:23]} {[%emt 00:01:16]} Ke8 {[%clk 01:21:31]} {[%emt
00:00:21]} 35. Nf6+ {[%clk 01:10:34]} {[%emt 00:00:19]} Kf7 {[%clk 01:21:40]}
{[%emt 00:00:22]} 36. d7 {[%clk 01:10:26]} {[%emt 00:00:38]} Rxb2 {[%clk
01:21:50]} {[%emt 00:00:21]} 37. d8=Q {[%clk 01:10:44]} {[%emt 00:00:11]} Rb6
{[%clk 01:21:41]} {[%emt 00:00:39]} 38. Nd5 {[%clk 01:10:25]} {[%emt 00:00:49]}
Rb5 {[%clk 01:21:57]} {[%emt 00:00:14]} 39. Qd6 {[%clk 01:09:40]} {[%emt
00:01:12]} a6 {[%clk 01:22:09]} {[%emt 00:00:22]} 40. Rh7+ {[%clk 01:09:42]}
{[%emt 00:00:28]} Kg8 {[%clk 01:22:21]} {[%emt 00:00:17]} 41. Rc7 {[%clk
01:09:36]} {[%emt 00:00:36]} a5 {[%clk 01:22:36]} {[%emt 00:00:16]} 42. Qd8#
{[%emt 00:01:03]} 1-0

[Event "ODJM C 2025"]
[Site "Willingen GER"]
[Date "2025.06.08"]
[Round "1"]
[White "Stepanjan, Gurgen"]
[Black "Romberg, Moritz"]
[Result "0-1"]
[Termination "normal"]
[Board "31"]
[WhiteElo "751"]
[BlackElo "1565"]
[WhiteClock "01:22:13"]
[BlackClock "01:33:01"]
[PlyCount "80"]
[WhiteFideId "34655280"]
[BlackFideId "34676600"]
[EventCountry "GER"]
[EventRounds "9"]
[EventType "swiss"]
[EventDate "2025.06.07"]

1. e4 {[%clk 01:30:56]} {[%emt 00:00:02]} e6 {[%clk 01:30:56]} {[%emt
00:00:05]} 2. Nf3 {[%clk 01:31:16]} {[%emt 00:00:10]} d5 {[%clk 01:31:18]}
{[%emt 00:00:08]} 3. d3 {[%clk 01:31:03]} {[%emt 00:00:43]} dxe4 {[%clk
01:31:40]} {[%emt 00:00:08]} 4. dxe4 {[%clk 01:31:04]} {[%emt 00:00:29]} Qxd1+
{[%clk 01:31:54]} {[%emt 00:00:16]} 5. Kxd1 {[%clk 01:31:21]} {[%emt 00:00:13]}
Bc5 {[%clk 01:31:38]} {[%emt 00:00:46]} 6. Be3 {[%clk 01:31:09]} {[%emt
00:00:41]} Bxe3 {[%clk 01:31:47]} {[%emt 00:00:22]} 7. fxe3 {[%clk 01:31:26]}
{[%emt 00:00:13]} b6 {[%clk 01:31:56]} {[%emt 00:00:22]} 8. Bd3 {[%clk
01:31:15]} {[%emt 00:00:40]} Bb7 {[%emt 00:00:41]} 9. Nc3 {[%clk 01:31:23]}
{[%emt 00:00:20]} Nf6 {[%clk 01:31:59]} {[%emt 00:00:19]} 10. Ke2 {[%clk
01:31:13]} {[%emt 00:00:39]} Nbd7 {[%clk 01:31:47]} {[%emt 00:00:43]} 11. b4
{[%clk 01:31:05]} {[%emt 00:00:39]} c5 {[%clk 01:31:49]} {[%emt 00:00:28]} 12.
e5 {[%clk 01:31:05]} {[%emt 00:00:30]} Bxf3+ {[%clk 01:31:39]} {[%emt
00:00:40]} 13. gxf3 {[%clk 01:31:16]} {[%emt 00:00:18]} Nxe5 {[%clk 01:31:45]}
{[%emt 00:00:23]} 14. bxc5 {[%clk 01:31:10]} {[%emt 00:00:37]} Nxd3 {[%clk
01:31:39]} {[%emt 00:00:36]} 15. cxd3 {[%clk 01:31:24]} {[%emt 00:00:16]} bxc5
{[%clk 01:31:49]} {[%emt 00:00:20]} 16. Rab1 {[%clk 01:31:28]} {[%emt
00:00:26]} O-O {[%clk 01:32:00]} {[%emt 00:00:18]} 17. Rb2 {[%clk 01:31:05]}
{[%emt 00:00:53]} Rab8 {[%clk 01:31:59]} {[%emt 00:00:31]} 18. Rhb1 {[%clk
01:30:45]} {[%emt 00:00:50]} Nd7 {[%clk 01:32:17]} {[%emt 00:00:11]} 19. Rxb8
{[%clk 01:31:00]} {[%emt 00:00:16]} Rxb8 {[%clk 01:32:39]} {[%emt 00:00:08]}
20. Rxb8+ {[%clk 01:30:47]} {[%emt 00:00:43]} Nxb8 {[%clk 01:33:03]} {[%emt
00:00:06]} 21. Ne4 {[%clk 01:30:24]} {[%emt 00:00:53]} Nd7 {[%clk 01:33:20]}
{[%emt 00:00:13]} 22. a4 {[%clk 01:29:20]} {[%emt 00:01:35]} Kf8 {[%clk
01:33:37]} {[%emt 00:00:13]} 23. Nc3 {[%clk 01:29:36]} {[%emt 00:00:14]} a6
{[%clk 01:33:40]} {[%emt 00:00:27]} 24. e4 {[%clk 01:29:33]} {[%emt 00:00:33]}
Ke7 {[%clk 01:33:33]} {[%emt 00:00:35]} 25. Ke3 {[%clk 01:29:17]} {[%emt
00:00:47]} Kd6 {[%clk 01:33:32]} {[%emt 00:00:31]} 26. f4 {[%clk 01:28:45]}
{[%emt 00:01:03]} f6 {[%clk 01:31:59]} {[%emt 00:02:03]} 27. a5 {[%clk
01:24:33]} {[%emt 00:04:42]} Nb8 {[%clk 01:31:36]} {[%emt 00:00:52]} 28. Na4
{[%clk 01:23:12]} {[%emt 00:01:51]} Nc6 {[%clk 01:29:37]} {[%emt 00:02:29]} 29.
Nb6 {[%clk 01:23:04]} {[%emt 00:00:39]} Nxa5 {[%clk 01:29:49]} {[%emt
00:00:18]} 30. f5 {[%clk 01:22:36]} {[%emt 00:00:57]} exf5 {[%clk 01:29:43]}
{[%emt 00:00:36]} 31. exf5 {[%clk 01:21:26]} {[%emt 00:01:40]} Ke5 {[%emt
00:00:16]} 32. d4+ {[%clk 01:21:21]} {[%emt 00:00:35]} cxd4+ {[%clk 01:30:21]}
{[%emt 00:00:07]} 33. Kd3 {[%clk 01:21:45]} {[%emt 00:00:05]} Kxf5 {[%clk
01:30:37]} {[%emt 00:00:14]} 34. Kxd4 {[%clk 01:22:05]} {[%emt 00:00:10]} Kf4
{[%clk 01:30:50]} {[%emt 00:00:18]} 35. Nd5 {[%clk 01:20:45]} {[%emt 00:01:50]}
Kg4 {[%clk 01:31:11]} {[%emt 00:00:08]} 36. Ne3 {[%clk 01:21:07]} {[%emt
00:00:08]} Kh3 {[%clk 01:31:31]} {[%emt 00:00:11]} 37. Nf1 {[%clk 01:21:23]}
{[%emt 00:00:14]} Kg2 {[%clk 01:31:49]} {[%emt 00:00:11]} 38. Ne3+ {[%clk
01:21:39]} {[%emt 00:00:14]} Kxh2 {[%clk 01:32:13]} {[%emt 00:00:06]} 39. Nf1+
{[%clk 01:21:51]} {[%emt 00:00:18]} Kg1 {[%clk 01:32:38]} {[%emt 00:00:06]} 40.
Ne3 {[%clk 01:22:13]} {[%emt 00:00:09]} h5 {[%clk 01:33:01]} {[%emt 00:00:07]}
0-1

[Event "ODJM C 2025"]
[Site "Willingen GER"]
[Date "2025.06.08"]
[Round "1"]
[White "Gakhov, Gabriel"]
[Black "Tadic, Mina"]
[Result "1-0"]
[Termination "normal"]
[Board "32"]
[WhiteElo "1519"]
[BlackElo "718"]
[WhiteClock "01:23:21"]
[BlackClock "01:27:02"]
[PlyCount "35"]
[WhiteFideId "533017875"]
[BlackFideId "533031711"]
[EventCountry "GER"]
[EventRounds "9"]
[EventType "swiss"]
[EventDate "2025.06.07"]

1. e4 {[%clk 01:30:58]} {[%emt 00:00:02]} e5 {[%clk 01:30:51]} {[%emt
00:00:08]} 2. Nf3 {[%clk 01:31:21]} {[%emt 00:00:09]} Nf6 {[%emt 00:00:11]} 3.
Nc3 {[%emt 00:00:07]} Nc6 {[%clk 01:30:49]} {[%emt 00:00:13]} 4. d4 {[%clk
01:31:38]} {[%emt 00:00:13]} exd4 {[%clk 01:30:46]} {[%emt 00:00:33]} 5. Nxd4
{[%clk 01:31:55]} {[%emt 00:00:13]} Nxd4 {[%clk 01:31:02]} {[%emt 00:00:15]} 6.
Qxd4 {[%clk 01:32:12]} {[%emt 00:00:11]} Bd6 {[%clk 01:30:42]} {[%emt
00:00:34]} 7. Bc4 {[%clk 01:31:23]} {[%emt 00:01:36]} Bb4 {[%clk 01:30:41]}
{[%emt 00:00:31]} 8. Bd2 {[%clk 01:30:55]} {[%emt 00:00:58]} Bxc3 {[%emt
00:00:16]} 9. Bxc3 {[%emt 00:00:15]} Qe7 {[%clk 01:29:00]} {[%emt 00:00:22]}
10. O-O {[%clk 01:29:34]} {[%emt 00:03:08]} O-O {[%clk 01:28:48]} {[%emt
00:00:38]} 11. Bd3 {[%clk 01:28:57]} {[%emt 00:01:10]} d5 {[%emt 00:00:19]} 12.
Bb4 {[%emt 00:00:37]} Qe8 {[%clk 01:27:26]} {[%emt 00:00:56]} 13. Bxf8 {[%clk
01:29:10]} {[%emt 00:00:17]} Qxf8 {[%clk 01:27:49]} {[%emt 00:00:08]} 14. exd5
{[%clk 01:28:58]} {[%emt 00:00:41]} Ng4 {[%clk 01:27:35]} {[%emt 00:00:44]} 15.
Qe4 {[%clk 01:26:41]} {[%emt 00:02:47]} Qd6 {[%clk 01:27:21]} {[%emt 00:00:45]}
16. Qxh7+ {[%clk 01:26:17]} {[%emt 00:00:54]} Kf8 {[%clk 01:27:40]} {[%emt
00:00:10]} 17. Rfe1 {[%emt 00:03:56]} Qxd5 {[%clk 01:27:02]} {[%emt 00:00:41]}
18. Qh8# {[%clk 01:23:21]} {[%emt 00:00:28]} 1-0

[Event "ODJM C 2025"]
[Site "Willingen GER"]
[Date "2025.06.08"]
[Round "1"]
[White "Neumann, Charlotte"]
[Black "Kudinov, Mykhailo"]
[Result "0-1"]
[Termination "normal"]
[Board "33"]
[WhiteElo "714"]
[BlackElo "1139"]
[WhiteClock "01:33:31"]
[BlackClock "01:35:27"]
[PlyCount "56"]
[WhiteFideId "533043728"]
[BlackFideId "533034176"]
[EventCountry "GER"]
[EventRounds "9"]
[EventType "swiss"]
[EventDate "2025.06.07"]

1. d4 {[%clk 01:30:58]} {[%emt 00:00:02]} d5 {[%clk 01:30:53]} {[%emt
00:00:08]} 2. Bf4 {[%clk 01:31:18]} {[%emt 00:00:09]} Bf5 {[%clk 01:31:13]}
{[%emt 00:00:11]} 3. Nc3 {[%clk 01:31:36]} {[%emt 00:00:10]} e6 {[%clk
01:31:39]} {[%emt 00:00:06]} 4. Nf3 {[%clk 01:31:49]} {[%emt 00:00:16]} Nc6
{[%clk 01:31:38]} {[%emt 00:00:32]} 5. e3 {[%clk 01:32:04]} {[%emt 00:00:15]}
a6 {[%clk 01:32:01]} {[%emt 00:00:08]} 6. Be2 {[%clk 01:32:17]} {[%emt
00:00:16]} f6 {[%clk 01:32:24]} {[%emt 00:00:07]} 7. O-O {[%clk 01:32:32]}
{[%emt 00:00:14]} Bd6 {[%clk 01:32:28]} {[%emt 00:00:26]} 8. Bxd6 {[%clk
01:32:33]} {[%emt 00:00:27]} Qxd6 {[%clk 01:32:57]} {[%emt 00:00:03]} 9. a3
{[%clk 01:32:30]} {[%emt 00:00:34]} e5 {[%clk 01:33:13]} {[%emt 00:00:14]} 10.
h3 {[%clk 01:32:37]} {[%emt 00:00:22]} e4 {[%clk 01:33:00]} {[%emt 00:00:45]}
11. Nh4 {[%clk 01:32:48]} {[%emt 00:00:17]} g5 {[%clk 01:33:24]} {[%emt
00:00:06]} 12. Nxf5 {[%clk 01:33:03]} {[%emt 00:00:14]} Qe6 {[%clk 01:33:39]}
{[%emt 00:00:16]} 13. Bg4 {[%clk 01:33:21]} {[%emt 00:00:12]} Qf7 {[%clk
01:33:21]} {[%emt 00:00:46]} 14. Qd2 {[%clk 01:32:55]} {[%emt 00:00:58]} Qg6
{[%clk 01:33:18]} {[%emt 00:00:32]} 15. b4 {[%clk 01:32:45]} {[%emt 00:00:42]}
h5 {[%clk 01:33:37]} {[%emt 00:00:11]} 16. Qe2 {[%clk 01:32:28]} {[%emt
00:00:47]} hxg4 {[%clk 01:33:54]} {[%emt 00:00:12]} 17. Qxg4 {[%clk 01:32:40]}
{[%emt 00:00:17]} Qf7 {[%clk 01:33:40]} {[%emt 00:00:44]} 18. Qg3 {[%clk
01:31:56]} {[%emt 00:01:16]} Nh6 {[%clk 01:33:17]} {[%emt 00:00:53]} 19. Nxh6
{[%clk 01:31:58]} {[%emt 00:00:28]} Rxh6 {[%clk 01:33:41]} {[%emt 00:00:06]}
20. f3 {[%clk 01:31:53]} {[%emt 00:00:34]} exf3 {[%clk 01:32:51]} {[%emt
00:01:20]} 21. gxf3 {[%clk 01:32:10]} {[%emt 00:00:12]} O-O-O {[%clk 01:33:08]}
{[%emt 00:00:15]} 22. f4 {[%clk 01:32:01]} {[%emt 00:00:39]} gxf4 {[%clk
01:33:27]} {[%emt 00:00:11]} 23. exf4 {[%clk 01:32:16]} {[%emt 00:00:13]} Rg6
{[%clk 01:33:51]} {[%emt 00:00:08]} 24. Qg2 {[%clk 01:32:19]} {[%emt 00:00:26]}
Rxg2+ {[%clk 01:34:07]} {[%emt 00:00:15]} 25. Kxg2 {[%clk 01:32:36]} {[%emt
00:00:11]} Qg6+ {[%clk 01:34:19]} {[%emt 00:00:18]} 26. Kh2 {[%clk 01:32:56]}
{[%emt 00:00:11]} Qxc2+ {[%clk 01:34:42]} {[%emt 00:00:07]} 27. Kg1 {[%clk
01:33:10]} {[%emt 00:00:15]} Rg8+ {[%clk 01:35:05]} {[%emt 00:00:09]} 28. Kh1
{[%clk 01:33:31]} {[%emt 00:00:09]} Qg2# {[%clk 01:35:27]} {[%emt 00:00:07]}
0-1